000 01307cam a2200373 a 4500
999 _c22572
_d22572
001 12898200
003 OSt
005 20200518105903.0
008 020628s2002 ii b 001 0 eng
010 _a 2002293076
020 _z8185220588
025 _aI-E-2002-293076; 61-90
035 _a(DLC) 2002293076
037 _bLibrary of Congress -- New Delhi Overseas Office
_cRs200.00
040 _aDLC
_coclc
_dDLC
042 _alcode
043 _aa-ii---
050 0 0 _aDS479
_b.S47 2002
082 _a954.035
_bMUH/M
100 _aMuhammad, Shan
_92394
245 1 0 _aMuslims and India's freedom movement /
_cShan Muhammad.
250 _a1st ed.
260 _aNew Delhi :
_bInstitute of Objective Studies,
_c2002.
300 _aiv, 241 p. ;
_c23 cm.
504 _aIncludes bibliographical references (p. [213]-231) and index.
520 _aCovers the period 1857-1947.
650 0 _aHistory & geography
_92271
_vIslamic History
651 0 _aIndia
_xPolitics and government
_y1857-1919.
651 0 _aIndia
_xPolitics and government
_y1919-1947.
710 2 _aInstitute of Objective Studies (New Delhi, India)
906 _a7
_bcbc
_corigode
_d3
_encip
_f20
_gy-gencatlg
942 _2ddc
_cBK
_h954.035
_iMUH/M
_k954.035
_mMUH/M